Amereida: la invención de un mar
Enregistré dans:
| Auteurs principaux: | , |
|---|---|
| Format: | Livre |
| Langue: | espagnol anglais |
| Publié: |
Barcelona, España.
Polígrafa,
2018
|
| Édition: | 1a. ed |
| Sujets: | |
| Tags: |
Ajouter un tag
Pas de tags, Soyez le premier à ajouter un tag!
|
MARC
| LEADER | 00000cam a2200000 a 4500 | ||
|---|---|---|---|
| 001 | UCC8763 | ||
| 003 | CL-VaPUC | ||
| 005 | 20211013074520.0 | ||
| 008 | 190814e20180000sp |||||||||||||||||spa|d | ||
| 999 | |c 375014 |d 375012 | ||
| 020 | |a 9788434313750 | ||
| 040 | |c Pontificia Universidad Católica de Valparaíso | ||
| 041 | 0 | 7 | |a spa |2 CL-VaPUC |
| 041 | 0 | 7 | |a eng |2 CL-VaPUC |
| 082 | 0 | 4 | |a Ch861 COR 2018 |2 21 |
| 100 | 0 | |a Correa, Javier |e author |9 380 | |
| 245 | 1 | 0 | |a Amereida: la invención de un mar |
| 250 | |a 1a. ed | ||
| 260 | |a Barcelona, España. |b Polígrafa, |c 2018 | ||
| 300 | |a 231 páginas | ||
| 583 | |a last modification |c 20190814 14:59:00 |k Rodrigo Vera | ||
| 650 | 0 | |a Poesías chilenas |9 265280 | |
| 650 | 0 | |a Fotografías artísticas |9 535989 | |
| 700 | 0 | |a Jolly, Victoria |e author |9 603469 | |
| 942 | |c BK |2 ddc | ||
| 945 | |d 20190814 14:59:00 |a dcastane | ||
| 952 | |0 0 |1 0 |3 erd |4 0 |6 CH_861_000000000000000_COR_2018 |7 0 |8 R |9 493853 |a BIBART |b BIBART |d 2019-08-06 |e 45 |g 16065.00 |i 5556988 |o Ch861 COR 2018 |p 5556988 |r 2025-03-13 |w 2019-11-24 |y BK_R |z Catalogado en:20190814 |k ART | ||
| 952 | |0 0 |1 0 |3 erd |4 0 |6 CH_861_000000000000000_COR_2018 |7 0 |8 R |9 493854 |a BIBART |b BIBART |d 2019-08-06 |e 45 |g 16065.00 |i 555697K |o Ch861 COR 2018 |p 555697K |r 2025-03-13 |w 2019-11-24 |y BK_R |z Catalogado en:20190814 |k ART | ||
| 952 | |0 0 |1 0 |3 erd |4 0 |6 CH_861_000000000000000_COR_2018 |7 0 |8 R |9 493855 |a BIBARQ |b BIBARQ |i 5600103 |l 1 |o Ch861 COR 2018 |p 5600103 |r 2025-01-20 |s 2022-06-13 |w 2019-11-24 |y BK_R |z Catalogado en:20190914 |k ARQ | ||
| 952 | |0 0 |1 0 |3 erd |4 0 |6 CH_861_000000000000000_COR_2018 |7 0 |8 A |9 493856 |a BIBHIS |b BIBHIS |i 5561124 |l 1 |o Ch861 COR 2018 |p 5561124 |r 2025-01-20 |s 2022-11-14 |w 2019-11-24 |y BK |z Catalogado en:20190914 |k HIS | ||